000 00463nam a22001817a 4500
003 OSt
005 20160107120612.0
008 130625t xxu||||| |||| 00| 0 eng d
020 _a9781931680158
050 _aPS 21
_b.P481 2008
082 _bP44 2008
100 _aPeters, Karen
245 _aAmerican literature :
_bteacher edition
_cKaren Peters.
260 _aUSA :
_bTeaching Point,
_cc2008
300 _a274 p. ;
_c28 cm.
562 _e1
942 _2lcc
_cBK
999 _c3099
_d3099